Estructuras de datos
Zapisane w:
| Główni autorzy: | , |
|---|---|
| Format: | Książka |
| Język: | hiszpański |
| Wydane: |
Ciudad de México
McGraw Hill
1993
|
| Hasła przedmiotowe: | |
| Etykiety: |
Dodaj etykietę
Nie ma etykietki, Dołącz pierwszą etykiete!
|
MARC
| LEADER | 00000nam a2200000 a 4500 | ||
|---|---|---|---|
| 001 | UCO9223 | ||
| 003 | CL-VaPUC | ||
| 008 | 010125e19930000MX |||||||||||||||||spa|d | ||
| 082 | 0 | 4 | |a 005.73 |b CAI |2 21 |
| 100 | 0 | |a Cairó Battistutti, Osvaldo |e author |9 454241 | |
| 700 | |a Guardati Buemo, Silvia |e author |9 589943 | ||
| 245 | 1 | 0 | |a Estructuras de datos |
| 300 | |a 425 p | ||
| 942 | |c BK | ||
| 945 | |d 20010125 00:00:00 |a vberengu | ||
| 260 | |a Ciudad de México |b McGraw Hill |c 1993 | ||
| 650 | 0 | |a Algoritmos |9 260639 | |
| 650 | 0 | |a Árboles |x Matemáticas |9 423324 | |
| 650 | 7 | |a ESTRUCTURA DE DATOS |2 CL-VaPUC |9 406477 | |
| 583 | |a last modification |c 20010125 00:00:00 |k Rodrigo Vera | ||
| 999 | |c 293496 |d 293494 | ||